| 000 | 00823cam a22002054a 4500 | ||
|---|---|---|---|
| 005 | 20250605164248.0 | ||
| 008 | 250528s ||||||||||||||||||||||||d | ||
| 035 | _a21603 | ||
| 020 | _a9789602864760 | ||
| 040 |
_aGR-AtMCL _bgre _dGR-AtMCL _eAACR2 |
||
| 245 | 1 | _aΔΙΔΑΣΚΟΝΤΑΣ ΑΥΤΙΣΤΙΚΑ ΠΑΙΔΙΑ / Τρόποι για να αναπτύξετε την επικοινωνία και την κοινωνικότητα | |
| 250 | _a1 | ||
| 260 |
_bΈλλην, _c2005 |
||
| 300 | _a405 | ||
| 520 | _aΑΥΤΙΣΤΙΚΑ ΠΑΙΔΙΑ ΕΙΔΙΚΗ ΑΓΩΓΗ ΑΥΤΙΣΜΟΣ ΚΟΙΝΩΝΙΚΗ ΑΛΛΗΛΕΠΙΔΡΑΣΗ ΕΠΙΚΟΙΝΩΝΙΑΚΑ ΕΜΠΟΔΙΑ ΔΙΔΑΣΚΑΛΙΑ ΑΥΤΟΕΛΕΓΧΟΥ | ||
| 700 | 1 |
_aQuill Kathleen Ann _97562 |
|
| 942 | _cBK | ||
| 999 |
_c6664 _d6664 |
||